01383cam a2200313 a 4500001001000000003000900010005001700019008004100036020001500077040002300092082002000115100003800135245009600173260007100269300002800340490002200368490002500390504005300415600009000468650006900558650007500627651009000702700003800792830005300830910003400883942001400917952012300931999001501054000005636DO-SdBNP20251028114753.0931110s1992 ve a b 001 0 spa c a9802595012 aDO-SdBNPcTxUdDLC a987.03bP381ó1 aPelayo López, Francisco.91592413aLa obra cientifica de Löfling en Venezuela /cFrancisco Pelayo, Miguel Angel Puig-Samper. aCaracas :bDepartamento de Asuntos Públicos de Lagoven,c[1992]. a161 p. :bil. ;c21 cm.1 aCuadernos Lagoven1 aSerie Me dio milenio aIncluye referencias bibliográficas e índice.14aLofling Per,d1729-1756xViajeszRío Orinoco Región (Venezuela y colombia)915925 4aBotánicazRío Orinoco Región (Venezuela y Colombia)915926 4aHistoria naturalzRío Orinoco Región (Venezuela y Colombia)915927 4aRío Orinoco Región (Venezuela y Colombia)xDescubrimientos y exploraciones9159281 aPuig-Samper, Miguel Angel.915929 0aCuadernos Lagoven.pSerie Me dio milenio.915930 aCatalogación por copia / LC 2ddccLBS1 001054708MOaGRbGRcHDd2009-08-20iLF1l0o987.03 P381óp5636-10r2020-06-25w2020-06-25y4ZPréstamo en sala c5435d5435